Využívanie osobnej komunikácie v marketingovej praxi : Bakalárska práca

Na minha lista:
Detalhes bibliográficos
Autor principal: Karová, Lucia (Author)
Outros Autores: Horňák, František, 1969- (xxx)
Formato: Manuscrito Livro
Idioma:eslovaco
Publicado em: Trnava : STU v Bratislave MtF KPIM, 2005
Assuntos:
Tags: Adicionar Tag
Sem tags, seja o primeiro a adicionar uma tag!

MARC

LEADER 00000ntm a22000003a 4500
001 stu96084
005 20160719155304.3
008 051013s2005----xo------------------slo-d
040 |a STU  |b slo 
041 0 |a slo 
044 |a xo 
100 1 |a Karová, Lucia  |4 aut 
245 1 |a Využívanie osobnej komunikácie v marketingovej praxi :  |b Bakalárska práca 
260 |a Trnava :  |b STU v Bratislave MtF KPIM,  |c 2005 
300 |a 48 s  |c príl (1 CD) 
650 7 |a priemyselné inžinierstvo a manažment  |2 stusub 
650 7 |a marketingová komunikácia  |2 stusub 
700 1 |a Horňák, František,  |d 1969-  |4 xxx  |u M4000  |U MTF Materiálovotechnologická fakulta  |T MTF Ústav priemyselného inžinierstva a manažmentu  |X 1533  |U M4000  |Y 84  |7 1533 
996 |b 284M063030  |c M*BP-1352  |l MMSKP  |s P  |a 0  |w stu96084_0001